000 00493nam a22001697a 4500
003 AUA.1
005 20210326084009.0
008 210326b ||||| |||| 00| 0 eng d
040 _cJTL
100 _aOngaro, Tom Ongaga
245 _aA compensatory approach to anti-virus shortfalls /
_cTom Ombaba Ongaro
260 _c2020.
300 _ax, 82 leaves :
_bill. ;
_c28 cm.
650 _aAnti-virus
650 _aComputer softwares
942 _2aua
_cTHESIS
_hMSc ACS
_i.O64 2020
999 _c23219
_d23219